<?xml version="1.0" encoding="UTF-8"?>
<record
    xmlns:xsi="http://www.w3.org/2001/XMLSchema-instance"
    xsi:schemaLocation="http://www.loc.gov/MARC21/slim http://www.loc.gov/standards/marcxml/schema/MARC21slim.xsd"
    xmlns="http://www.loc.gov/MARC21/slim">

  <leader>00662nam a22001697a 4500</leader>
  <datafield tag="999" ind1=" " ind2=" ">
    <subfield code="c">61417</subfield>
    <subfield code="d">61417</subfield>
  </datafield>
  <controlfield tag="005">20240311123056.0</controlfield>
  <controlfield tag="008">240311s1990    ru ||||| |||| 00| 0 rus d</controlfield>
  <datafield tag="020" ind1=" " ind2=" ">
    <subfield code="a">576640011&#x425;</subfield>
  </datafield>
  <datafield tag="041" ind1=" " ind2=" ">
    <subfield code="a">rus</subfield>
  </datafield>
  <datafield tag="080" ind1=" " ind2=" ">
    <subfield code="a">27-9 &#x428;-88</subfield>
  </datafield>
  <datafield tag="100" ind1=" " ind2=" ">
    <subfield code="a">&#x428;&#x442;&#x435;&#x439;&#x43D;&#x435;&#x440;, &#x420;&#x443;&#x434;&#x43E;&#x43B;&#x44C;&#x444;</subfield>
    <subfield code="9">21375</subfield>
  </datafield>
  <datafield tag="245" ind1=" " ind2=" ">
    <subfield code="a">&#x41C;&#x438;&#x441;&#x442;&#x435;&#x440;&#x438;&#x438; &#x434;&#x440;&#x435;&#x432;&#x43D;&#x43E;&#x441;&#x442;&#x438; &#x438; &#x445;&#x440;&#x438;&#x441;&#x442;&#x438;&#x430;&#x43D;&#x441;&#x442;&#x432;&#x43E; /</subfield>
    <subfield code="c">&#x420;&#x443;&#x434;&#x43E;&#x43B;&#x44C;&#x444; &#x428;&#x442;&#x435;&#x439;&#x43D;&#x435;&#x440;.</subfield>
  </datafield>
  <datafield tag="264" ind1=" " ind2=" ">
    <subfield code="a"> &#x41C;&#x43E;&#x441;&#x43A;&#x432;&#x430;</subfield>
    <subfield code="b">&#xAB;&#x414;&#x443;&#x445;&#x43E;&#x432;&#x43D;&#x43E;&#x435; &#x437;&#x43D;&#x430;&#x43D;&#x438;&#x435;&#xBB;,</subfield>
    <subfield code="c">1990.</subfield>
  </datafield>
  <datafield tag="300" ind1=" " ind2=" ">
    <subfield code="a">125 &#x441;.:</subfield>
    <subfield code="b">20 &#x441;&#x43C;.</subfield>
  </datafield>
  <datafield tag="653" ind1=" " ind2=" ">
    <subfield code="a">&#x10D0;&#x10DC;&#x10E2;&#x10D8;&#x10D9;&#x10E3;&#x10E0;&#x10DD;&#x10D1;&#x10D8;&#x10E1;&#x10D0; &#x10D3;&#x10D0; &#x10E5;&#x10E0;&#x10D8;&#x10E1;&#x10E2;&#x10D8;&#x10D0;&#x10DC;&#x10DD;&#x10D1;&#x10D8;&#x10E1; &#x10E1;&#x10D0;&#x10D8;&#x10D3;&#x10E3;&#x10DB;&#x10DA;&#x10DD;&#x10D4;&#x10D1;&#x10D4;&#x10D1;&#x10D8;</subfield>
  </datafield>
  <datafield tag="942" ind1=" " ind2=" ">
    <subfield code="2">udc</subfield>
    <subfield code="c">&#x1CAC;&#x1C98;&#x1C92;&#x1C9C;&#x1C98;</subfield>
  </datafield>
  <datafield tag="952" ind1=" " ind2=" ">
    <subfield code="0">0</subfield>
    <subfield code="1">0</subfield>
    <subfield code="2">udc</subfield>
    <subfield code="4">0</subfield>
    <subfield code="6">279_&#x428;88</subfield>
    <subfield code="7">0</subfield>
    <subfield code="9">98257</subfield>
    <subfield code="a">CPL</subfield>
    <subfield code="b">CPL</subfield>
    <subfield code="c">GEN</subfield>
    <subfield code="d">2024-03-11</subfield>
    <subfield code="g">4.00</subfield>
    <subfield code="o">27-9 &#x428;-88</subfield>
    <subfield code="p">65766</subfield>
    <subfield code="r">2024-03-11</subfield>
    <subfield code="t">65766</subfield>
    <subfield code="w">2024-03-11</subfield>
    <subfield code="y">&#x1CAC;&#x1C98;&#x1C92;&#x1C9C;&#x1C98;</subfield>
    <subfield code="z">4 &#x10DA;.</subfield>
  </datafield>
</record>
